<?xml version="1.0" encoding="UTF-8"?>
<record
    xmlns:xsi="http://www.w3.org/2001/XMLSchema-instance"
    xsi:schemaLocation="http://www.loc.gov/MARC21/slim http://www.loc.gov/standards/marcxml/schema/MARC21slim.xsd"
    xmlns="http://www.loc.gov/MARC21/slim">

  <leader>     nam a22     7a 4500</leader>
  <datafield tag="999" ind1=" " ind2=" ">
    <subfield code="c">44098</subfield>
    <subfield code="d">44098</subfield>
  </datafield>
  <controlfield tag="003">OSt</controlfield>
  <controlfield tag="005">20180502145344.0</controlfield>
  <controlfield tag="008">180502b        xxu||||| |||| 00| 0 eng d</controlfield>
  <datafield tag="040" ind1=" " ind2=" ">
    <subfield code="c">IIMT UNIVERSITY MEERUT</subfield>
  </datafield>
  <datafield tag="050" ind1=" " ind2=" ">
    <subfield code="a">367.163JOS</subfield>
    <subfield code="b">286</subfield>
  </datafield>
  <datafield tag="082" ind1=" " ind2=" ">
    <subfield code="2">2ND</subfield>
    <subfield code="a">367.163JOS</subfield>
    <subfield code="b">286</subfield>
  </datafield>
  <datafield tag="100" ind1=" " ind2=" ">
    <subfield code="a">JOSEPH.B</subfield>
  </datafield>
  <datafield tag="245" ind1=" " ind2=" ">
    <subfield code="a">ENVIRONMENTAL STUDIES</subfield>
    <subfield code="c">AUTHOR</subfield>
    <subfield code="h">ENGLISH</subfield>
  </datafield>
  <datafield tag="250" ind1=" " ind2=" ">
    <subfield code="a">2ND</subfield>
  </datafield>
  <datafield tag="260" ind1=" " ind2=" ">
    <subfield code="a">DELHI</subfield>
    <subfield code="b">TMH</subfield>
    <subfield code="c">2009</subfield>
  </datafield>
  <datafield tag="300" ind1=" " ind2=" ">
    <subfield code="b">2ND ED.347PP.</subfield>
    <subfield code="e">PAPERBACK</subfield>
  </datafield>
  <datafield tag="760" ind1=" " ind2=" ">
    <subfield code="b">2ND ED.</subfield>
  </datafield>
  <datafield tag="856" ind1=" " ind2=" ">
    <subfield code="3">PAPERBACK</subfield>
  </datafield>
  <datafield tag="942" ind1=" " ind2=" ">
    <subfield code="2">ddc</subfield>
    <subfield code="c">01</subfield>
    <subfield code="e">9TH</subfield>
    <subfield code="h">TITLE</subfield>
    <subfield code="i">BOOK</subfield>
    <subfield code="k">371.63OJOS</subfield>
    <subfield code="m">371.63OJOS</subfield>
  </datafield>
  <datafield tag="952" ind1=" " ind2=" ">
    <subfield code="0">0</subfield>
    <subfield code="1">0</subfield>
    <subfield code="2">ddc</subfield>
    <subfield code="3">PAPER BACK</subfield>
    <subfield code="4">0</subfield>
    <subfield code="7">0</subfield>
    <subfield code="a">24</subfield>
    <subfield code="b">24</subfield>
    <subfield code="d">2018-05-02</subfield>
    <subfield code="e">TRANSFER UNIVERSITY LIBRARY</subfield>
    <subfield code="f">ARCHITECTU</subfield>
    <subfield code="g">222.00</subfield>
    <subfield code="i">TRANSFER UNIVERSITY LIBRARY</subfield>
    <subfield code="l">0</subfield>
    <subfield code="o">367.163JOS 286</subfield>
    <subfield code="p">24-B-286</subfield>
    <subfield code="r">2018-05-02</subfield>
    <subfield code="u">ARCHITECTURE</subfield>
    <subfield code="v">222.00</subfield>
    <subfield code="w">2018-04-30</subfield>
    <subfield code="y">01</subfield>
    <subfield code="z">ENVIRONMENT</subfield>
  </datafield>
</record>
